00436nam a2200169Ia 4500003000400000005001700004008004100021020001800062040000700080041000800087082002000095100002100115245005900136260004100195300001700236365001300253OSt20230413113820.0210423s2010 xx 000 0 und d a9788132104728 cAL aeng a791.430954 GEHA aGEHLAWAT (Ajay). aReframing bollywood: theories of popular hindi cinema. aLos AngelesbSage Publicationsc2010 axxiv,165bHB b450cINR